| 000 | 01180nam a2200313 c 4500 | ||
|---|---|---|---|
| 003 | BLK | ||
| 005 | 20241122143825.0 | ||
| 008 | 180411b bul|||||r ||||||| ||bul|| | ||
| 010 | _aKNG00209482000 | ||
| 020 |
_a978-954-375-035-1 _bиздат.: ПАН |
||
| 040 | _aBLK | ||
| 041 |
_aBUL _cBUL |
||
| 080 |
_aБългарска литература _b821.163.2 _x-93-1 _z821.163.2-93-1 |
||
| 700 | 1 |
_aСтоянова, Десислава Василева _eподб. _9386063 |
|
| 700 | 1 |
_aСпасов, Спас _eхудож. _9369723 |
|
| 139 |
_aЧестит рожден ден! _bЧ 74 |
||
| 245 | 1 | 0 |
_aЧестит рожден ден! _bСтихчета за най-малките _cподб. Десислава Василева Стоянова; худож. Спас Спасов. |
| 257 | _aBGR | ||
| 260 |
_аСофия _bПАН _c2008 |
||
| 300 |
_a11 с. _c25 см |
||
| 380 | _aDX | ||
| 490 | 1 |
_aСтихчета за най-малките _v16 |
|
| 852 | _aЦб 286514 | ||
| 856 | 4 |
_qpdf _u |
|
| 856 | 4 |
_qpdf _u |
|
| 942 |
_cKNG _n0 _01 |
||
| 944 |
_aCR _c15.07.2017 _k30543 _lИва Цветкова |
||
| 944 |
_aED _c14.08.2017 _kГрета_Цуфелде |
||
| 999 |
_c200067 _d200067 |
||